NBA Leaders 2021-2022 - Statistics

General Stats
  • This quiz has been taken 81 times
  • The average score is 27 of 30
Answer Stats
Stat Team Stat Total Answer % Correct
Assists Phoenix Suns 10.8 Chris Paul
100%
Steals Phoenix Suns 1.9 Chris Paul
100%
Points Per Game Milwaukee Bucks 29.9 Giannis Antetokounmpo
100%
Points Per Game Philadelphia 76ers 30.6 Joel Embiid
100%
Rebounds Per Game Philadelphia 76ers 11.7 Joel Embiid
100%
Points Per Game Brooklyn Nets 29.9 Kevin Durant
100%
Points Per Game Los Angeles Lakers 30.3 Lebron James
100%
Points Per Game Dallas Mavericks 28.4 Luka Doncic
100%
Assists Dallas Mavericks 8.7 Luka Doncic
100%
3-Pointers Made Per Game Golden State Warriors 4.5 Stephen Curry
99%
Assists Atlanta Hawks 9.7 Trae Young
99%
3-Pointers Made Per Game Golden State Warriors 3.6 Klay Thompson
97%
3-Pointers Made Per Game Brooklyn Nets 3.4 Kyrie Irving
97%
Rebounds Per Game Denver Nuggets 13.8 Nikola Jokic
97%
Assists Brooklyn Nets/Philadelphia 76ers 10.3 James Harden
96%
Rebounds Per Game Utah Jazz 14.7 Rudy Gobert
94%
Blocks Utah Jazz 2.1 Rudy Gobert
94%
Rebounds Per Game Atlanta Hawks 11.9 Clint Capela
90%
3-Pointers Made Per Game Toronto Raptors 3.7 Fred VanVleet
90%
3-Pointers Made Per Game Utah Jazz 3.5 Donovan Mitchell
89%
Assists San Antonio Spurs 9.2 Dejounte Murray
87%
Steals San Antonio Spurs 2.0 Dejounte Murray
87%
Blocks Memphis Grizzilies 2.3 Jaren Jackson Jr.
87%
Blocks Indiana Pacers 2.8 Myles Turner
86%
Rebounds Per Game Indiana Pacers/ Sacramento Kings 12.1 Domantas Sabonis
84%
Blocks Boston Celtics 2.2 Robert Williams III
83%
Blocks New York Knicks 1.8 Mitchell Robinson
74%
Steals Sacramento Kings/ Indiana Pacers 1.7 Tyrese Haliburton
64%
Steals Philadelphia 76ers 1.7 Matisse Thybulle
57%
Steals Toronto Raptors 1.7 Gary Trent Jr.
47%
No matching quizzes found
Score Distribution
Percent of People with Each Score
Percentile by Number Answered
Your Score History
You have not taken this quiz